[Event "Budapest FS08 GM"]
[Site "Budapest"]
[Date "2023.08.06"]
[Round "2"]
[White "Aveskulov, Valeriy"]
[Black "Dudin, Gleb"]
[Result "1-0"]
[WhiteElo "2470"]
[BlackElo "2537"]
[PlyCount "291"]
[EventDate "2023.08.05"]
[EventType "tourn"]
[EventRounds "9"]
[EventCountry "HUN"]
[EventCategory "7"]
[SourceTitle "CBM 215 Extra"]
[Source "ChessBase"]
[SourceDate "2023.09.30"]
[SourceVersion "1"]
[SourceVersionDate "2023.09.30"]
[SourceQuality "1"]

1. e4 e5 2. Nf3 Nc6 3. Bb5 a6 4. Ba4 Nf6 5. 0-0 Nxe4 6. d4 Be7 7. Re1 b5 8. Bb3 d5 9. dxe5 Be6 10. c3 0-0 11. Nd4 Nxe5 12. f3 Bh4 13. g3 c5 14. Nxe6 fxe6 15. fxe4 c4 16. Bc2 Bg5 17. Bxg5 Qxg5 18. Nd2 d4 19. cxd4 Rad8 20. Nf1 Rxd4 21. Qe2 Nf3+ 22. Kg2 Nxe1+ 23. Rxe1 Rd7 24. e5 Rdf7 25. h4 Rf2+ 26. Qxf2 Rxf2+ 27. Kxf2 Qd8 28. Rd1 Qa5 29. a3 c3 30. b3 Qxa3 31. Ne3 Qf8+ 32. Ke2 Qc5 33. Rd8+ Kf7 34. Rd7+ Kf8 35. Bxh7 Qxe5 36. Bg6 c2 37. Bxc2 Qxg3 38. Rd4 Qh2+ 39. Kd3 Ke7 40. Bd1 g6 41. Rg4 a5 42. Bc2 Qf2 43. Rg5 a4 44. bxa4 bxa4 45. Rxg6 Qxh4 46. Rg7+ Kd6 47. Ra7 a3 48. Rxa3 Qh7+ 49. Kd2 Qh2+ 50. Kd3 Qh7+ 51. Kd2 Qh2+ 52. Kc1 Qg1+ 53. Bd1 Qg5 54. Kd2 Ke7 55. Ra4 Qc5 56. Rh4 Qa5+ 57. Ke2 Qb5+ 58. Rc4 Qh5+ 59. Rg4 Qh2+ 60. Kf3 Qh1+ 61. Kf2 Qh2+ 62. Ng2 Qd6 63. Bf3 Qd2+ 64. Kg3 Qc3 65. Re4 Qg7+ 66. Bg4 Qc3+ 67. Bf3 Kd6 68. Re3 Qg7+ 69. Kf2 Qg5 70. Rd3+ Ke7 71. Re3 Kd6 72. Re4 Qd2+ 73. Kg3 Qg5+ 74. Bg4 e5 75. Ne3 Ke7 76. Kf3 Kf6 77. Bc8 Ke7 78. Bg4 Kf6 79. Bc8 Ke7 80. Bf5 Qh5+ 81. Kg3 Qg5+ 82. Kf2 Kf6 83. Rg4 Qf4+ 84. Ke2 Qh2+ 85. Kd3 Qb2 86. Be4 Qb5+ 87. Kd2 Qb2+ 88. Bc2 Qa3 89. Rc4 Qa5+ 90. Ke2 Ke7 91. Rh4 Qa6+ 92. Kf2 Qa2 93. Rh6 Qb2 94. Kf3 Qc3 95. Be4 Kd7 96. Rh7+ Kd6 97. Rh2 Ke7 98. Rh3 Kf8 99. Rh7 Kg8 100. Rb7 Kf8 101. Rd7 Ke8 102. Rh7 Kf8 103. Rd7 Ke8 104. Rd6 Ke7 105. Rd3 Qe1 106. Kg4 Qe2+ 107. Kg5 Qh2 108. Bf5 Qg1+ 109. Bg4 Qc1 110. Rd7+ Ke8 111. Rd3 Ke7 112. Kf5 Qb1 113. Ke4 Kf6 114. Nd5+ Kg5 115. Be2 Qh1+ 116. Rf3 Qg1 117. Nc3 Qh2 118. Rf5+ Kg6 119. Rxe5 Qh4+ 120. Kd5 Qb4 121. Bd3+ Kg7 122. Ne2 Qb7+ 123. Kd4 Qb4+ 124. Ke3 Qh4 125. Rf5 Qb4 126. Kf3 Qd2 127. Nf4 Qd1+ 128. Ke4 Qh1+ 129. Ke3 Qg1+ 130. Ke4 Qh1+ 131. Ke5 Qe1+ 132. Ne2 Qa5+ 133. Ke4 Qe1 134. Rf3 Qb4+ 135. Nd4 Qe7+ 136. Kf4 Qh4+ 137. Ke3 Qe1+ 138. Be2 Qg1+ 139. Ke4 Qb1+ 140. Ke5 Qb8+ 141. Kf5 Qf8+ 142. Kg4 Qc8+ 143. Rf5 Qc3 144. Ne6+ Kg6 145. Bd3 Kh7 146. Rf3+ 1-0

[Event "Budapest FS08 GM"]
[Site "Budapest"]
[Date "2023.08.05"]
[Round "1"]
[White "Neverov, Valeriy"]
[Black "Aveskulov, Valeriy"]
[Result "0-1"]
[WhiteElo "2405"]
[BlackElo "2470"]
[PlyCount "104"]
[EventDate "2023.08.05"]
[EventType "tourn"]
[EventRounds "9"]
[EventCountry "HUN"]
[EventCategory "7"]
[SourceTitle "CBM 215 Extra"]
[Source "ChessBase"]
[SourceDate "2023.09.30"]
[SourceVersion "1"]
[SourceVersionDate "2023.09.30"]
[SourceQuality "1"]

1. d4 Nf6 2. c4 e6 3. Nc3 Bb4 4. e3 0-0 5. Nf3 Bxc3+ 6. bxc3 d6 7. Bd3 Re8 8. Nd2 e5 9. a4 e4 10. Be2 c5 11. Nb3 Qe7 12. 0-0 a5 13. Kh1 b6 14. f4 exf3 15. gxf3 Nbd7 16. Rg1 Nf8 17. Bd3 Ng6 18. Ra2 Bd7 19. Nd2 Bc6 20. Nf1 d5 21. Rag2 dxc4 22. Bxc4 Rad8 23. Bd3 Kh8 24. Rg3 Qd7 25. Bc2 Qb7 26. R1g2 Nh4 27. Rf2 Nd5 28. Bd2 cxd4 29. cxd4 f5 30. Rh3 Qe7 31. e4 fxe4 32. Bxe4 Bd7 33. Rg3 Nf6 34. Bc2 Nf5 35. Bxf5 Bxf5 36. Ne3 Bg6 37. Bc1 Qb4 38. d5 Qc5 39. Re2 Nh5 40. Rg4 Rf8 41. Rc4 Qd6 42. Re1 Nf4 43. Rd4 Nh3 44. Kg2 Nf4+ 45. Kh1 Nh3 46. Kg2 Ng5 47. Nc4 Qf6 48. Rf4 Bf5 49. h4 Nh3 50. Rd4 Bc2 51. Qd2 Qxf3+ 52. Kh2 Nf2 0-1

[Event "Budapest SixDays 08 GM-A"]
[Site "Budapest"]
[Date "2023.08.04"]
[Round "7"]
[White "Aveskulov, Valeriy"]
[Black "Costa, Leonardo"]
[Result "1-0"]
[WhiteElo "2470"]
[BlackElo "2346"]
[PlyCount "69"]
[EventDate "2023.07.31"]
[EventType "tourn"]
[EventRounds "9"]
[EventCountry "HUN"]
[EventCategory "6"]
[SourceTitle "CBM 215 Extra"]
[Source "ChessBase"]
[SourceDate "2023.09.30"]
[SourceVersion "1"]
[SourceVersionDate "2023.09.30"]
[SourceQuality "1"]

1. e4 e5 2. Nf3 Nc6 3. Bb5 a6 4. Ba4 Nf6 5. 0-0 Be7 6. Re1 b5 7. Bb3 d6 8. c3 0-0 9. h3 Nb8 10. d4 Nbd7 11. Nbd2 Bb7 12. Bc2 Re8 13. Nf1 Bf8 14. Ng3 g6 15. a4 c5 16. d5 c4 17. Bg5 Be7 18. Be3 Qc7 19. Nh2 h5 20. Nf3 Nc5 21. Ng5 Nxa4 22. Bxa4 bxa4 23. Rxa4 a5 24. Qf3 Bc8 25. Nxh5 gxh5 26. Qg3 h4 27. Qxh4 Bf8 28. Bc1 Bg7 29. Re3 Nd7 30. Qh7+ Kf8 31. Rg3 Nf6 32. Qh4 Re7 33. Nh7+ Nxh7 34. Qxh7 f6 35. Bh6 1-0

[Event "Budapest SixDays 08 GM-A"]
[Site "Budapest"]
[Date "2023.08.01"]
[Round "2"]
[White "Grabinsky, Aaron"]
[Black "Aveskulov, Valeriy"]
[Result "0-1"]
[WhiteElo "2409"]
[BlackElo "2470"]
[PlyCount "136"]
[EventDate "2023.07.31"]
[EventType "tourn"]
[EventRounds "9"]
[EventCountry "HUN"]
[EventCategory "6"]
[SourceTitle "CBM 215 Extra"]
[Source "ChessBase"]
[SourceDate "2023.09.30"]
[SourceVersion "1"]
[SourceVersionDate "2023.09.30"]
[SourceQuality "1"]

1. d4 Nf6 2. Nf3 e6 3. Bf4 b6 4. e3 Bb7 5. Nbd2 Nh5 6. Bg5 Be7 7. Bxe7 Qxe7 8. Bd3 d6 9. c4 Nd7 10. Qc2 Nhf6 11. 0-0 e5 12. d5 a5 13. b3 0-0 14. a3 c6 15. dxc6 Bxc6 16. e4 Nc5 17. b4 Ne6 18. g3 Rfc8 19. Qb2 h6 20. Rfe1 Ra7 21. Nh4 g6 22. Ng2 Nd4 23. Ne3 Qd7 24. Kg2 axb4 25. axb4 Rca8 26. f3 b5 27. Rec1 Kg7 28. cxb5 Bxb5 29. Ndc4 Qe6 30. Ra5 Rxa5 31. bxa5 Ra7 32. Qb4 Bd7 33. g4 d5 34. Qc5 Nb3 35. Qxa7 Nxc1 36. exd5 Nxd5 37. Bf1 Bc6 38. Nxd5 Bxd5 39. Ne3 Bc6 40. Bc4 Qf6 41. Nd5 Bxd5 42. Bxd5 Nd3 43. Kf1 Nf4 44. Bc4 e4 45. a6 Qa1+ 46. Kf2 Nh3+ 47. Kg2 Ng5 48. f4 Qc3 49. fxg5 Qf3+ 50. Kg1 Qxg4+ 51. Kf2 Qf3+ 52. Ke1 Qc3+ 53. Kf2 Qxc4 54. h4 Qc2+ 55. Kg1 Qd1+ 56. Kh2 Qd2+ 57. Kg3 hxg5 58. hxg5 Qxg5+ 59. Kh3 Qh5+ 60. Kg3 Qf3+ 61. Kh2 Qf4+ 62. Kh3 e3 63. Qb7 Qf1+ 64. Kh2 e2 65. Qb2+ Kh7 66. a7 Qf2+ 67. Kh3 Qf3+ 68. Kh2 e1Q 0-1

[Event "Budapest FS07 GM"]
[Site "Budapest"]
[Date "2023.07.03"]
[Round "3"]
[White "Srihari, LR."]
[Black "Aveskulov, Valeriy"]
[Result "1/2-1/2"]
[WhiteElo "2384"]
[BlackElo "2470"]
[PlyCount "64"]
[EventDate "2023.07.01"]
[EventType "tourn"]
[EventRounds "9"]
[EventCountry "HUN"]
[EventCategory "6"]
[SourceTitle "EXT 2024"]
[Source "ChessBase"]
[SourceDate "2023.10.10"]
[SourceVersion "1"]
[SourceVersionDate "2023.10.10"]
[SourceQuality "1"]

1. d4 Nf6 2. c4 e6 3. g3 Bb4+ 4. Nd2 c5 5. a3 Bxd2+ 6. Qxd2 cxd4 7. Nf3 d5 8. Bg2 dxc4 9. Qxd4 Qxd4 10. Nxd4 0-0 11. Be3 Nd5 12. Rc1 Bd7 13. Rxc4 Nc6 14. 0-0 Nxd4 15. Bxd4 Bc6 16. Rfc1 Rfd8 17. e4 Ne7 18. Be3 f6 19. e5 Bxg2 20. Kxg2 Nd5 21. exf6 gxf6 22. Kf3 a6 23. Rg4+ Kf7 24. Rh4 Rh8 25. Rcc4 h5 26. Bd2 e5 27. Rc5 Ke6 28. Rhc4 Rad8 29. Ke2 Rhg8 30. Rh4 Rh8 31. Rhc4 Rhg8 32. Rh4 Rh8 1/2-1/2

[Event "Budapest FS06 GM"]
[Site "Budapest"]
[Date "2023.06.12"]
[Round "8"]
[White "Aveskulov, Valeriy"]
[Black "Kovalev, Andrei"]
[Result "1/2-1/2"]
[WhiteElo "2506"]
[BlackElo "2460"]
[PlyCount "29"]
[EventDate "2023.06.03"]
[EventType "tourn"]
[EventRounds "9"]
[EventCountry "HUN"]
[EventCategory "6"]
[SourceTitle "CBM 214 Extra"]
[Source "ChessBase"]
[SourceDate "2023.07.31"]
[SourceVersion "1"]
[SourceVersionDate "2023.07.31"]
[SourceQuality "1"]

1. e4 e5 2. Nf3 Nf6 3. d4 Nxe4 4. Bd3 d5 5. Nxe5 Nd7 6. Nxf7 Kxf7 7. Qh5+ Ke7 8. Qe2 Kf6 9. Qf3+ Kg6 10. Qg4+ Kf7 11. Qh5+ Ke6 12. Qg4+ Ke7 13. Qe2 Kf7 14. Qh5+ Ke7 15. Qe2 1/2-1/2